José de Evia y sus reconocimientos del golfo de México, 1783-1796 / (Record no. 156977)
[ view plain ]
| 000 -LEADER | |
|---|---|
| campo de control de longitud fija | 00866nam a2200217 i 4500 |
| 001 - NÚMERO DE CONTROL | |
| campo de control | 156977 |
| 003 - IDENTIFICADOR DE NÚMERO DE CONTROL | |
| campo de control | ES-MaACL |
| 005 - FECHA Y HORA DE LA ÚLTIMA TRANSACCIÓN | |
| campo de control | 20230906210539.0 |
| 008 - DATOS DE LONGITUD FIJA--INFORMACIÓN GENERAL | |
| campo de control de longitud fija | 190918s1968 sp |||| | spa d |
| 080 ## - NÚMERO DE LA CLASIFICACIÓN DECIMAL UNIVERSAL | |
| Número de la Clasificación Decimal Universal | 917:(263.4)"17" |
| 100 1# - ENTRADA PRINCIPAL--NOMBRE DE PERSONA | |
| Nombre de persona | Evia, José de. |
| 9 (RLIN) | 168267 |
| 245 10 - MENCIÓN DEL TÍTULO | |
| Título | José de Evia y sus reconocimientos del golfo de México, 1783-1796 / |
| Mención de responsabilidad, etc. | edición, estudio y notas por Jack D.L. Holmes. |
| 260 ## - PUBLICACIÓN, DISTRIBUCIÓN, ETC. | |
| Lugar de publicación, distribución, etc. | Madrid : |
| Nombre del editor, distribuidor, etc. | José Porrúa Turanzas, |
| Fecha de publicación, distribución, etc. | 1968. |
| 300 ## - DESCRIPCIÓN FÍSICA | |
| Extensión | XVI, 264 p. : |
| Otras características físicas | il., mapas pleg. ; |
| Dimensiones | 26 cm. |
| 490 1# - MENCIÓN DE SERIE | |
| Mención de serie | Colección "Chimalistac" de libros y documentos acerca de la Nueva España ; |
| Designación de volumen o secuencia | 26 |
| 651 #4 - PUNTO DE ACCESO ADICIONAL DE MATERIA--NOMBRE GEOGRÁFICO | |
| Nombre geográfico | México (Golfo) |
| 9 (RLIN) | 168268 |
| 700 1# - ENTRADA AGREGADA--NOMBRE PERSONAL | |
| Nombre de persona | Holmes, Jack David Laurus. |
| 9 (RLIN) | 168248 |
| 830 1# - PUNTO DE ACCESO ADICIONAL DE SERIE-TÍTULO UNIFORME | |
| Título uniforme | Colección "Chimalistac" de libros y documentos acerca de la Nueva España ; |
| Designación de volumen o secuencia | 26 |
| 9 (RLIN) | 182539 |
| 852 4# - LOCALIZACIÓN | |
| Ubicación | ES-MaACL |
| Número de control de estantería | P-798-24 |
| Estatus retirado | Estado de pérdida | Estado de daño | No para préstamo | Biblioteca de origen | Biblioteca actual | Ubicación en estantería | Fecha de adquisición | Fuente de adquisición | Total de préstamos | Signatura topográfica completa | Código de barras | Visto por última vez | Precio de reemplazo | Tipo de ítem Koha |
|---|---|---|---|---|---|---|---|---|---|---|---|---|---|---|
| Biblioteca del Ateneo de Madrid | Biblioteca del Ateneo de Madrid | Depósito 2 | 18/09/2019 | P-798-24 | 1201108 | 23/02/2023 | 23/02/2023 | Libro impreso |
